00863 2200181 4500245008000000020001800080250001200098100002400110700002900134650001500163005001900178260003300197041001400230084001100244300002100255500039600276336000900672 aBeginikah Rasanya 7 Malam Pertama di Alam Kubur?cJamal Ma'mur AsmanihText a979-963-496-2 aCet. 28 aJamal Ma'mur Asmani aZainul Arifin el-Basyier aAlam Kubur a20240507091045 aYogyakartabDIVA Pressc2015 aIndonesia a297.23 a206 hlm. :c20cm aSebuah potret rumah masa depan yang amat sempit, gelap, dingin, lembab, sunyi, berteman cacing, ulat, belatung, juga ular, kalajengking, dan segala makhluk melata menjijikan. Tapi, sadarlah, memang itulah masa depan hidup yang akan dilalui oleh setiap kita. Tak peduli kaya atau miskin, penjabat atau rakyat, konglomerat, atau melarat, kita semua akan mengenyam gelapnya kehidupan alam kubur atext